[Event "Rhein Main op-B 22nd"]
[Site "Bad Homburg"]
[Date "2019.06.23"]
[Round "7"]
[White "Michel, Carsten"]
[Black "Streit, Juergen"]
[Result "1/2-1/2"]
[WhiteElo "1669"]
[BlackElo "1873"]
[PlyCount "100"]
[EventDate "2019.06.19"]
[EventType "swiss"]
[EventRounds "7"]
[EventCountry "GER"]
[SourceTitle "EXT 2020"]
[Source "ChessBase"]
[SourceDate "2019.10.17"]
[SourceVersion "1"]
[SourceVersionDate "2019.10.17"]
[SourceQuality "1"]

1. d4 d5 2. c4 Bf5 3. Nc3 e6 4. Nf3 c6 5. e3 Nf6 6. Bd3 Bg6 7. 0-0 Be7 8. c5 b6 9. b4 a5 10. Na4 b5 11. Nb6 Ra7 12. Bxg6 hxg6 13. Ne5 Qc7 14. h3 a4 15. Qf3 0-0 16. a3 Nbd7 17. Nbxd7 Nxd7 18. Nxd7 Qxd7 19. e4 dxe4 20. Qxe4 Rd8 21. Be3 Bf6 22. Rfd1 Qd5 23. Qxd5 Rxd5 24. Rd2 Rad7 25. Rad1 g5 26. Kf1 Be7 27. Ke2 f5 28. f4 gxf4 29. Bxf4 g5 30. Be5 Kf7 31. Ke3 Rd8 32. Rd3 Rg8 33. Kf3 Rgd8 34. Ke3 Rg8 35. Kf3 Bf6 36. Kf2 Rh8 37. Kf3 Rh4 38. Bxf6 Kxf6 39. R1d2 Re4 40. Kf2 Rd8 41. Rd1 g4 42. h4 f4 43. g3 f3 44. R1d2 Rd5 45. Rd1 Kf5 46. R1d2 Kf6 47. Kf1 Ke7 48. Kf2 Kd7 49. Kf1 Kc7 50. Kf2 Kd7 1/2-1/2

[Event "Heusenstamm Sparkassen op-B 5th"]
[Site "Heusenstamm"]
[Date "2018.11.23"]
[Round "2"]
[White "Michel, Carsten"]
[Black "Scheerer, Julian"]
[Result "1-0"]
[WhiteElo "1653"]
[BlackElo "1364"]
[PlyCount "51"]
[EventDate "2018.11.22"]
[EventType "swiss"]
[EventRounds "7"]
[EventCountry "GER"]
[SourceTitle "CBM 187 Extra"]
[Source "ChessBase"]
[SourceDate "2018.11.04"]
[SourceVersion "1"]
[SourceVersionDate "2018.11.04"]
[SourceQuality "1"]

1. d4 d5 2. c4 e6 3. Nc3 Nf6 4. cxd5 exd5 5. Bg5 Be7 6. Qc2 0-0 7. e3 c6 8. Bd3 Nbd7 9. Nf3 Re8 10. 0-0 Nf8 11. Rab1 Ng6 12. b4 a6 13. Na4 h6 14. Bxh6 gxh6 15. Bxg6 fxg6 16. Qxg6+ Kh8 17. Qxh6+ Kg8 18. Qg6+ Kh8 19. Ng5 Rf8 20. Nf7+ Rxf7 21. Qxf7 Bf5 22. e4 Bxe4 23. Rb3 Qd6 24. Rg3 Bf8 25. Rh3+ Nh7 26. Nc5 1-0

[Event "Rhein Main op-B 20th"]
[Site "Bad Homburg"]
[Date "2017.06.15"]
[Round "2"]
[White "Michel, Carsten"]
[Black "Rieger, Mario"]
[Result "0-1"]
[WhiteElo "1663"]
[BlackElo "1904"]
[PlyCount "104"]
[EventDate "2017.06.14"]
[EventType "swiss"]
[EventRounds "7"]
[EventCountry "GER"]
[SourceTitle "EXT 2018"]
[Source "ChessBase"]
[SourceDate "2017.10.13"]
[SourceVersion "1"]
[SourceVersionDate "2017.10.13"]
[SourceQuality "1"]

1. d4 Nf6 2. c4 g6 3. Nc3 d5 4. cxd5 Nxd5 5. e4 Nxc3 6. bxc3 Bg7 7. Be3 c5 8. Bc4 0-0 9. Ne2 cxd4 10. cxd4 Nc6 11. 0-0 Bg4 12. f3 Bd7 13. Rc1 e6 14. d5 exd5 15. Bxd5 Kh8 16. Bc5 Ne7 17. Bxb7 Rb8 18. Rb1 Qe8 19. Bxa7 Rd8 20. Bb6 Rb8 21. Bd4 Bb5 22. Bxg7+ Kxg7 23. Bd5 Nxd5 24. Rxb5 Qxb5 25. exd5 Rfd8 26. Qd4+ Kg8 27. Nc3 Qa5 28. a4 Rb4 29. Qe5 Rc4 30. Ne4 Qb6+ 31. Kh1 Qd4 32. Qxd4 Rxd4 33. Ra1 f5 34. Nc3 Rd3 35. Ne2 R3xd5 36. g3 Rd1+ 37. Rxd1 Rxd1+ 38. Kg2 Ra1 39. Nc3 Ra3 40. Nd5 Rxa4 41. f4 Kf7 42. Nc3 Rc4 43. Nb5 Ke6 44. Kh3 Kd5 45. Kh4 h6 46. Kh3 Rc5 47. Na3 Ke4 48. Nb1 Kd3 49. Kg2 Kc2 50. Na3+ Kb2 51. h4 Kxa3 52. Kh3 h5 0-1

[Event "Hofheim Spring op-B 5th"]
[Site "Hofheim"]
[Date "2017.04.08"]
[Round "2"]
[White "Froehlich Dill, Astrid"]
[Black "Michel, Carsten"]
[Result "1/2-1/2"]
[WhiteElo "1888"]
[BlackElo "1643"]
[PlyCount "86"]
[EventDate "2017.04.07"]
[EventType "swiss"]
[EventRounds "9"]
[EventCountry "GER"]
[SourceTitle "CBM 178 Extra"]
[Source "ChessBase"]
[SourceDate "2017.06.22"]
[SourceVersion "1"]
[SourceVersionDate "2017.06.22"]
[SourceQuality "1"]

1. d4 Nf6 2. c4 e6 3. Nc3 Bb4 4. Bg5 c5 5. d5 h6 6. Bd2 d6 7. a3 Bxc3 8. Bxc3 e5 9. Qc2 Nbd7 10. g3 0-0 11. Bg2 Re8 12. e4 Nb6 13. b3 a5 14. Ne2 Qc7 15. a4 Nbd7 16. 0-0 Nb8 17. Qd2 b6 18. Bb2 Na6 19. f4 Nd7 20. Nc3 Qd8 21. Nb5 Qe7 22. Rae1 f6 23. Bh3 Nf8 24. Bxc8 Raxc8 25. fxe5 fxe5 26. Rf5 Ng6 27. Ref1 Rf8 28. h4 Rxf5 29. Rxf5 Rd8 30. h5 Nf8 31. Bc3 Nb4 32. Qe2 Nh7 33. Bd2 Nf6 34. Bxb4 axb4 35. g4 Rf8 36. Kg2 Ne8 37. Qf3 Rf6 38. Kg3 Qf8 39. Na7 Rxf5 40. gxf5 Nf6 41. Nc6 Qe8 42. Kh4 Kf8 43. Qe2 Kg8 1/2-1/2

[Event "Hofheim Spring op-C 2nd"]
[Site "Hofheim"]
[Date "2014.04.26"]
[Round "7"]
[White "Peschk, Kathrin"]
[Black "Michel, Carsten"]
[Result "1-0"]
[WhiteElo "1330"]
[BlackElo "1168"]
[PlyCount "101"]
[EventDate "2014.04.23"]
[EventType "swiss"]
[EventRounds "7"]
[EventCountry "GER"]
[SourceTitle "CBM 160 Extra"]
[Source "ChessBase"]
[SourceDate "2014.07.01"]
[SourceVersion "1"]
[SourceVersionDate "2014.07.01"]
[SourceQuality "1"]

1. e4 c5 2. Nc3 Nc6 3. f4 g6 4. Nf3 Bg7 5. g3 e6 6. d3 Nge7 7. Bg2 0-0 8. Be3 d6 9. 0-0 Nd4 10. Qd2 Nec6 11. f5 Nxf3+ 12. Bxf3 exf5 13. Bh6 Bd4+ 14. Kh1 Re8 15. Rae1 Ne5 16. exf5 Bxf5 17. Bxb7 Bh3 18. Bg2 Bxg2+ 19. Kxg2 Qb6 20. Nd5 Qc6 21. c4 Rab8 22. b3 a5 23. Kh3 Qc8+ 24. Kg2 Ng4 25. Rxe8+ Qxe8 26. Bf4 a4 27. Re1 Qc6 28. Kf3 Nf6 29. Be3 Bxe3 30. Rxe3 Nxd5 31. cxd5 Qxd5+ 32. Kf2 axb3 33. axb3 Rxb3 34. Qc1 Qd4 35. Qc4 Rxd3 36. Qxd3 Qxd3 37. Rxd3 g5 38. Rxd6 Kg7 39. Rc6 c4 40. Rxc4 Kg6 41. Kf3 f5 42. h3 g4+ 43. hxg4 fxg4+ 44. Rxg4+ Kh5 45. Rh4+ Kg6 46. Kf4 Kg7 47. g4 Kg6 48. g5 Kg7 49. Kf5 Kg8 50. Kf6 Kh8 51. Kf7 1-0

[Event "Wiesbaden op 25th"]
[Site "Wiesbaden"]
[Date "2013.08.23"]
[Round "2"]
[White "Anhalt, Albert"]
[Black "Michel, Carsten"]
[Result "1-0"]
[WhiteElo "1776"]
[BlackElo "1147"]
[PlyCount "31"]
[EventDate "2013.08.22"]
[EventType "swiss"]
[EventRounds "7"]
[EventCountry "GER"]
[SourceTitle "EXT 2014"]
[Source "ChessBase"]
[SourceDate "2013.11.20"]
[SourceVersion "1"]
[SourceVersionDate "2013.11.20"]
[SourceQuality "1"]

1. e4 c5 2. Nc3 d6 3. Bc4 Nf6 4. d3 g6 5. Nf3 Bg7 6. 0-0 0-0 7. Re1 Nc6 8. h3 Na5 9. Bb3 Nxb3 10. axb3 a6 11. Bg5 e6 12. e5 dxe5 13. Nxe5 Qc7 14. Bf4 Nd7 15. Nxg6 Qc6 16. Ne7+ 1-0